[Butlletí oficial de la província de Barcelona] Boletín oficial de la provincia de Barcelona
Descripción Física:
30 cm
MARC
| LEADER | 00000nam a2200000Ia 4500 | ||
|---|---|---|---|
| 001 | 7055 - 7076, 7077-7086, 7088-7123, 7125, 7127, 7129, 7131, 7133, 7135, 7137, 7139, 7141, 7143, 7145, 7147, 7149, 7150, 7152, 7154, 7156, 7158, 7160, 7162, 7217-7450 | ||
| 008 | 160829s1846 - 1985 xx 000 0 cat d | ||
| 008 | 160829s9999 xx 000 0 cat d | ||
| 080 | |a Dipòsit, CD-1-188, CD-1-189, CD-1-190, CD-1-191, CD-1-192, CD-1-193, CD-1-194, CD-1-195, CD-1-196, CD-1-197, CD-1-198, CD-1-199, CD-1-200, CD-1-201, CD-1-202 | ||
| 110 | 1 | |a Barcelona (Catalunya : Província). |b Diputació |9 52408 | |
| 245 | |a [Butlletí oficial de la província de Barcelona] Boletín oficial de la provincia de Barcelona | ||
| 260 | |a Barcelona : |b [s.n.], |c 1846 - 1985 | ||
| 300 | |a 30 cm | ||
| 362 | |a 1 enero 1846 - oct.1985 | ||
| 590 | |a Diària. | ||
| 590 | |a Continuació de: Boletín oficial de Barcelona. | ||
| 590 | |a Les dimensions varien. | ||
| 590 | |a Títol paral·lel a partir del 23 abr. 1982: Butlletí oficial. | ||
| 590 | |a Editor posterior: Diputació Provincial de Barcelona. | ||
| 590 | |a Continuada per: Butlletí oficial de la provincia de Barcelona. | ||
| 590 | |a L'any 1868 el tenim en suport DVD. | ||
| 590 | |a Hi ha els següents exemplars del Boletín Oficial Extraordinario de la Provincia de Barcelona: 1857 (extraordinari: 21 des.), 1858 (extraordinari: 5 juny), 1859 (extraordinari: 14 maig), 1862 (extraordinari: 15 nov. (prové de 932, exp. 5)), 1854 (suplement: 29 març del núm. 50; extraordinari: 2 abr.; 4, 5 i 11 jul.), 1870 (extraordinari: 22 juny), 1923 (extraordinari: 21-30 maig), 1930 (extraordinari: 7 oct.), 1931 (extraordinari: 14 jul, 6 i 14 oct., resultats eleccions a diputats a Corts de Barcelona-ciutat), 1932 (extraordinari: 13 set., 27 oct., 30 nov., reclamacions cens electoral, decret convocant eleccions al Parlament de Catalunya i resultats a Barcelona-ciutat). | ||
| 590 | |a Hi ha duplicats els anys: 1876-1933 i 1939. | ||
| 590 | |a El setembre, octubre i novembre de l'any 1844 es troba en format jpg i pdf a Còpies de Seguretat | ||
| 650 | |a Legislació |x Barcelona (Província) |x Revistes |9 44598 | ||
| 650 | |a Barcelona (Província) |x Política i govern |x Revistes |9 26585 | ||
| 710 | 1 | |a Barcelona (Catalunya : Província). |b Diputació |9 52408 | |
| 866 | |a 1846-1933, 1939-1985, 1868 (Boletín oficial revolucionario) | ||
| 901 | |a Arxiu | ||
| 942 | |n 1 | ||
| 952 | |0 0 |1 0 |4 0 |6 DIPÒSIT_CD1188_CD1189_CD1190_CD1191_CD1192_CD1193_CD1194_CD1195_CD1196_CD1197_CD1198_CD1199_CD1200_CD1201_CD1202 |7 1 |9 54760 |a Arxiu |b Arxiu |d 2016-12-01 |l 0 |o Dipòsit, CD-1-188, CD-1-189, CD-1-190, CD-1-191, CD-1-192, CD-1-193, CD-1-194, CD-1-195, CD-1-196, CD-1-197, CD-1-198, CD-1-199, CD-1-200, CD-1-201, CD-1-202 |p 7055 - 7076, 7077-70 |r 2016-12-01 00:00:00 |w 2016-12-01 |y ARXIU | ||
| 999 | |c 58629 |d 58629 | ||